[Event "5.Online WM / A-WM Achtelfinale S6"]
[Site "?"]
[Date "2009.02.13"]
[Round "2"]
[White "Berlin Pro, Mephisto"]
[Black "Vancouver 68020 24 MHz, Mephisto"]
[Result "1/2-1/2"]
[WhiteElo "2282"]
[BlackElo "2280"]
[PlyCount "147"]
[EventDate "2009.02.13"]

1. e4 c6 2. d4 d5 3. exd5 cxd5 4. Bd3 Nf6 5. Nf3 Bg4 6. h3 Bh5 7. O-O Nc6 8. c3
e6 9. Re1 Bd6 10. Qe2 O-O 11. Nbd2 Rc8 12. Nf1 Na5 13. Ng3 Bxf3 14. Qxf3 Nc4
15. b3 Nb6 16. Bg5 Be7 17. Bxf6 Bxf6 18. Rac1 a6 19. Qh5 g6 20. Qg4 Nd7 21. Rc2
Qa5 22. Ne2 b5 23. Ra1 Rc6 24. a4 Rb8 25. Qg3 Rb7 26. Rca2 b4 27. c4 Qc7 28.
Qxc7 Rbxc7 29. cxd5 exd5 30. a5 Bg5 31. Rd1 Rc8 32. Ra4 Rb8 33. f4 Bf6 34. f5
Bg5 35. Rf1 Be3+ 36. Kh1 g5 37. Rf3 Bd2 38. Ra2 Bc3 39. Rg3 h6 40. Re3 Kf8 41.
Kh2 Rbc8 42. Kg1 Re8 43. Rxe8+ Kxe8 44. Kf2 h5 45. Rc2 Nf6 46. g3 Kd7 47. h4
gxh4 48. gxh4 Ng4+ 49. Kf3 Kd6 50. Nxc3 bxc3 51. Kf4 Kd7 52. Be2 Nf6 53. Ke3
Ke7 54. Kd3 Ne4 55. Bf3 Rc8 56. Bxe4 dxe4+ 57. Kxe4 Kf6 58. Kd3 Kxf5 59. Rxc3
Rb8 60. Kc2 Kg4 61. Rc6 Ra8 62. d5 Kxh4 63. d6 Kg4 64. d7 Rd8 65. Rxa6 Rxd7 66.
b4 h4 67. Rh6 f5 68. a6 f4 69. b5 f3 70. b6 f2 71. Rf6 Rd6 72. Rxf2 Rxb6 73. a7
Ra6 74. Rf7 1/2-1/2

[Event "5.Online WM / A-WM Achtelfinale S6"]
[Site "?"]
[Date "2009.02.13"]
[Round "3"]
[White "Vancouver 68020 24 MHz, Mephisto"]
[Black "Berlin Pro, Mephisto"]
[Result "1-0"]
[WhiteElo "2280"]
[BlackElo "2282"]
[PlyCount "121"]
[EventDate "2009.02.13"]

1. c4 c5 2. Nc3 Nc6 3. Nf3 g6 4. d4 cxd4 5. Nxd4 Bg7 6. e3 d6 7. Be2 Nf6 8. O-O
O-O 9. b3 Qb6 10. Na4 Qa5 11. Bb2 Bd7 12. Bc3 Qg5 13. Nf3 Qf5 14. Rc1 Rac8 15.
c5 d5 16. Bd3 Qh5 17. h3 e5 18. Be2 Qf5 19. a3 h6 20. Bb2 e4 21. Ne1 Qg5 22.
Kh1 Ne5 23. Nc3 Rfd8 24. Nb5 Bxb5 25. Bxb5 a6 26. Be2 Re8 27. b4 Rc7 28. Qb3
Rec8 29. f4 exf3 30. Nxf3 Nxf3 31. Rxf3 Ne4 32. Bxg7 Kxg7 33. Rd1 Rd8 34. Bd3
Re8 35. Bc2 Re5 36. Bxe4 dxe4 37. Rf4 f5 38. Qb2 Qf6 39. Rff1 Re6 40. Qb3 b6
41. Qc4 bxc5 42. Rd5 Re5 43. bxc5 Qe6 44. Rfd1 Kh7 45. R1d4 Rxd5 46. Rxd5 Qf6
47. Qd4 Qxd4 48. exd4 e3 49. Re5 f4 50. g3 g5 51. Kg2 Rd7 52. d5 Rf7 53. Kf3
fxg3+ 54. Kxg3 Kg6 55. Rxe3 Rf5 56. Rd3 Kf7 57. Rf3 Rxf3+ 58. Kxf3 h5 59. Ke4
g4 60. hxg4 hxg4 61. Kf4 1-0

[Event "5.Online WM / A-WM Achtelfinale S6"]
[Site "?"]
[Date "2009.02.13"]
[Round "4"]
[White "Berlin Pro, Mephisto"]
[Black "Vancouver 68020 24 MHz, Mephisto"]
[Result "1/2-1/2"]
[WhiteElo "2282"]
[BlackElo "2280"]
[PlyCount "129"]
[EventDate "2009.02.13"]

1. e4 e5 2. Bc4 Nf6 3. d3 c6 4. Nf3 d5 5. Bb3 Bb4+ 6. c3 Bd6 7. Bg5 Qa5 8. Bxf6
gxf6 9. Nh4 Be6 10. Nd2 Nd7 11. O-O O-O-O 12. d4 Qc7 13. Nhf3 Rhg8 14. Re1 Rg4
15. a4 Rdg8 16. g3 h5 17. Qc2 Be7 18. Re2 dxe4 19. Nxe4 h4 20. Ned2 hxg3 21.
hxg3 Rh8 22. Rae1 Rh5 23. Bc4 c5 24. Qb3 Qd6 25. Ne4 Qb6 26. d5 Bf5 27. d6 Qxb3
28. Bxb3 Bf8 29. Bxf7 Rh6 30. Bd5 Nb6 31. Bb3 Rxe4 32. Rxe4 Bxe4 33. Be6+ Kd8
34. Rxe4 Bxd6 35. a5 Nc8 36. Rh4 Rxh4 37. gxh4 Bf8 38. Bxc8 Kxc8 39. Nd2 Kd7
40. Kg2 f5 41. h5 e4 42. Nf1 Ke6 43. Kh3 Bh6 44. Kh4 a6 45. Ng3 Kf6 46. Nf1 c4
47. Kg3 Bc1 48. Ne3 Bxb2 49. Kf4 Ke6 50. Nxc4 Bxc3 51. Ne3 Bd2 52. Kg5 Bxa5 53.
Nxf5 Bc3 54. h6 Bd2+ 55. Kg6 Bxh6 56. Nxh6 b5 57. Nf5 Ke5 58. Ne7 Kf4 59. Nc6
e3 60. fxe3+ Kxe3 61. Kf5 Kd2 62. Ke4 Kc3 63. Ke3 b4 64. Nxb4 Kxb4 65. Kd2
1/2-1/2

[Event "5.Online WM / A-WM Achtelfinale S7"]
[Site "?"]
[Date "2009.01.18"]
[Round "1"]
[White "London 68030, Mephisto"]
[Black "Montreux, Mephisto"]
[Result "1-0"]
[WhiteElo "2319"]
[BlackElo "2280"]
[PlyCount "79"]
[EventDate "2009.01.18"]

1. e4 e5 2. Nf3 f5 3. Nxe5 Nc6 4. Nxc6 dxc6 5. Nc3 Nf6 6. exf5 Bxf5 7. d4 Bb4
8. Bd3 Bg4 9. f3 Bh5 10. Qe2+ Kf7 11. Bc4+ Nd5 12. O-O Re8 13. Ne4 Kg8 14. c3
Bd6 15. Qc2 Qd7 16. Qb3 b5 17. Bxd5+ cxd5 18. Qxd5+ Bf7 19. Qg5 Be7 20. Qg3
Rac8 21. Bf4 c5 22. dxc5 Bxc5+ 23. Nxc5 Rxc5 24. Rfe1 Rxe1+ 25. Rxe1 Rc6 26.
Bh6 Be6 27. a3 a6 28. h3 Qa7+ 29. Be3 Qc7 30. Bf4 Qa7+ 31. Kh2 Qd7 32. Be5 Bb3
33. Bd4 Be6 34. Kg1 Qb7 35. Re4 Qd7 36. Qb8+ Rc8 37. Qe5 Rc6 38. Qg3 Bf5 39.
Re8+ Kf7 40. Ra8 1-0

[Event "5.Online WM / A-WM Achtelfinale S7"]
[Site "?"]
[Date "2009.01.23"]
[Round "2"]
[White "Montreux, Mephisto"]
[Black "London 68030, Mephisto"]
[Result "1-0"]
[WhiteElo "2280"]
[BlackElo "2319"]
[PlyCount "67"]
[EventDate "2009.01.18"]

1. c4 e5 2. Nc3 Nf6 3. Nf3 Nc6 4. g3 Bb4 5. Nd5 e4 6. Nh4 Bc5 7. d4 Nxd4 8. Bg2
Nxd5 9. cxd5 Qe7 10. e3 Nb5 11. Qg4 Bb4+ 12. Kf1 Qe5 13. Bxe4 d6 14. Nf5 g6 15.
Bg2 Bxf5 16. Qxb4 Bd3+ 17. Kg1 a6 18. a4 Na7 19. Ra3 Be2 20. Qxb7 O-O 21. f4
Qh5 22. Kf2 c5 23. dxc6 Rfb8 24. Qe7 Re8 25. Qxd6 Rad8 26. Qf6 Rc8 27. b4 Re6
28. Qb2 Bg4 29. h3 Bf5 30. Bf3 Qxf3+ 31. Kxf3 Be4+ 32. Kg4 Bxh1 33. b5 Nxc6 34.
bxc6 1-0

[Event "5.Online WM / A-WM Achtelfinale S7"]
[Site "?"]
[Date "2009.01.23"]
[Round "3"]
[White "London 68030, Mephisto"]
[Black "Montreux, Mephisto"]
[Result "1-0"]
[WhiteElo "2319"]
[BlackElo "2280"]
[PlyCount "91"]
[EventDate "2009.01.18"]

1. e4 c5 2. Nf3 d6 3. d4 cxd4 4. Nxd4 Nf6 5. Nc3 a6 6. Be2 e5 7. Nb3 Be7 8. O-O
O-O 9. Be3 Nbd7 10. Qd2 Nc5 11. f3 Be6 12. Rfd1 Qc7 13. Nxc5 dxc5 14. Qe1 Rfd8
15. Qf2 b5 16. a3 Rac8 17. Rac1 Qc6 18. Qg3 b4 19. Nb1 Nd7 20. Bh6 Bf8 21. Bg5
f6 22. Be3 c4 23. axb4 Bxb4 24. Kh1 Rb8 25. c3 Bc5 26. Bh6 g5 27. Na3 Rxb2 28.
Bxg5 Kf7 29. Nxc4 Rxe2 30. Bxf6 Bxc4 31. Bxd8 Bb3 32. Rf1 Ke8 33. Bh4 a5 34.
Qg5 a4 35. f4 Rxe4 36. fxe5 Rxh4 37. Qxh4 Be3 38. Rce1 Bd2 39. Re4 Bxc3 40.
Qxh7 Qb5 41. Rc1 Nf8 42. Qh6 Qb7 43. Rf4 Bf7 44. Rcf1 Bd2 45. Rxf7 Bxh6 46.
Rxb7 1-0

[Event "5.Online WM / A-WM Achtelfinale S7"]
[Site "?"]
[Date "2009.01.26"]
[Round "4"]
[White "Montreux, Mephisto"]
[Black "London 68030, Mephisto"]
[Result "1/2-1/2"]
[WhiteElo "2280"]
[BlackElo "2319"]
[PlyCount "102"]
[EventDate "2009.01.18"]

1. c4 Nf6 2. Nc3 e6 3. e4 d5 4. cxd5 exd5 5. e5 Ne4 6. Nf3 c6 7. d4 Bb4 8. Qb3
Qa5 9. Bd3 Bxc3+ 10. bxc3 Qxc3+ 11. Qxc3 Nxc3 12. O-O Bg4 13. Be3 Bxf3 14. gxf3
O-O 15. Rfc1 Na4 16. Rab1 b5 17. h4 f6 18. f4 Re8 19. exf6 gxf6 20. Kh2 a6 21.
Bd2 Nb6 22. Rg1+ Kh8 23. Rbe1 N8d7 24. Bb4 Rxe1 25. Rxe1 a5 26. Bd6 Nc4 27. Re7
Nf8 28. Bc5 Ng6 29. Rf7 Re8 30. Rxf6 Nxh4 31. Rh6 Nf3+ 32. Kg3 Ne1 33. Rxh7+
Kg8 34. Bg6 Nd2 35. Bxe8 Kxh7 36. f3 Nd3 37. Bxc6 b4 38. Bxd5 a4 39. Be6 Kg7
40. Be7 b3 41. axb3 axb3 42. f5 b2 43. f6+ Kg6 44. Ba2 b1=Q 45. Bxb1 Nxb1 46.
d5 Kf7 47. Kg4 Nc3 48. d6 Kg6 49. f4 Nc5 50. f5+ Kf7 51. Kf3 Nd5 1/2-1/2

[Event "5.Online WM / A-WM Achtelfinale S8"]
[Site "?"]
[Date "2009.01.19"]
[Round "1"]
[White "Elite 68060 V11, Fidelity"]
[Black "Portorose 68020 24 MHz, Mephisto"]
[Result "1-0"]
[WhiteElo "2311"]
[BlackElo "2210"]
[PlyCount "97"]
[EventDate "2009.??.??"]

1. e4 e5 2. Nf3 Nc6 3. Bb5 a6 4. Ba4 Nf6 5. d4 exd4 6. O-O Be7 7. Re1 O-O 8. e5
Ne8 9. c3 dxc3 10. Nxc3 d6 11. exd6 Nxd6 12. Nd5 Bf6 13. Bf4 Bg4 14. Nxc7 Qxc7
15. Bxd6 Bxf3 16. gxf3 Qb6 17. Bxf8 Rxf8 18. Bxc6 Qxc6 19. Qb3 Rc8 20. Rad1 h6
21. Kh1 b5 22. Re2 Qc7 23. Qd3 Rd8 24. Qc2 Rxd1+ 25. Qxd1 Qc6 26. Kg2 g6 27.
Qc2 Qd6 28. Re8+ Kg7 29. Ra8 Qe6 30. b3 Bd4 31. Qc8 Qxc8 32. Rxc8 Kf6 33. Rc6+
Ke7 34. Rxa6 h5 35. Ra5 b4 36. Rb5 Bc3 37. Rc5 Bb2 38. f4 Kf6 39. Kf3 Ba3 40.
Ke4 Bb2 41. f5 g5 42. Rc4 Ba3 43. f4 g4 44. Rc6+ Kg7 45. f6+ Kg6 46. Rc5 Bb2
47. Rg5+ Kh6 48. Kf5 Bd4 49. Rg8 1-0

[Event "5.Online WM / A-WM Achtelfinale S8"]
[Site "?"]
[Date "2009.01.22"]
[Round "2"]
[White "Portorose 68020 24 MHz, Mephisto"]
[Black "Elite 68060 V11, Fidelity"]
[Result "0-1"]
[WhiteElo "2210"]
[BlackElo "2311"]
[PlyCount "72"]
[EventDate "2009.??.??"]

1. e4 e5 2. Nf3 Nc6 3. Bb5 Nge7 4. O-O g6 5. c3 Bg7 6. d4 exd4 7. cxd4 d5 8. e5
O-O 9. Bg5 f6 10. Bxf6 Bxf6 11. exf6 Rxf6 12. Qb3 Na5 13. Qb4 Nec6 14. Bxc6
Nxc6 15. Qd2 Rxf3 16. gxf3 Bh3 17. Rc1 Nxd4 18. Kh1 Qf6 19. Qe3 c6 20. Rc3 Ne2
21. Nd2 Nxc3 22. bxc3 Rf8 23. Re1 Qh4 24. Re2 b6 25. Kg1 a5 26. Nb3 c5 27. Nd2
Qa4 28. Nb3 Qc4 29. Nc1 Bd7 30. Rb2 Re8 31. Qd2 Bh3 32. Ne2 d4 33. Kh1 dxc3 34.
Qc2 Qd5 35. Qb3 Qxb3 36. Rxb3 Rxe2 0-1

[Event "5.Online WM / A-WM Achtelfinale S8"]
[Site "?"]
[Date "2009.01.25"]
[Round "3"]
[White "Elite 68060 V11, Fidelity"]
[Black "Portorose 68020 24 MHz, Mephisto"]
[Result "1-0"]
[WhiteElo "2311"]
[BlackElo "2210"]
[PlyCount "123"]
[EventDate "2009.??.??"]

1. d4 d5 2. Nf3 Nf6 3. Bg5 Ne4 4. Bf4 Bf5 5. Nbd2 c6 6. Nh4 Nxd2 7. Qxd2 Be4 8.
f3 e6 9. g3 Bg6 10. Nxg6 hxg6 11. Bg2 Nd7 12. O-O-O Nb6 13. Kb1 Nc4 14. Qd3 Bd6
15. Bc1 Qa5 16. b3 Na3+ 17. Ka1 Nb5 18. Bd2 Bb4 19. Kb2 b6 20. c3 Qa3+ 21. Ka1
Be7 22. e4 O-O-O 23. exd5 exd5 24. Rde1 Rd7 25. h4 Bd6 26. Bh3 Bxg3 27. Reg1
Qd6 28. Bxd7+ Kxd7 29. f4 Bf2 30. Rg2 Bxd4 31. cxd4 Qf6 32. Be3 Rxh4 33. Rxh4
Qxh4 34. Rg1 Qf6 35. Rh1 Kc7 36. Rh8 Kb7 37. Qd1 Nd6 38. b4 Qe7 39. Qc1 Nc4 40.
Bd2 Qe4 41. Rf8 Qe7 42. Rg8 Qf6 43. Bc3 Nd6 44. Qe3 Ne4 45. Bb2 b5 46. Re8 Qh4
47. Bc1 Kc7 48. Rg8 Qf6 49. Rh8 Kb6 50. Bd2 a6 51. Kb1 Qf5 52. Kc1 Qf6 53. Rh7
Kc7 54. a3 Kb7 55. Kd1 g5 56. fxg5 Nxg5 57. Qxg5 Qf3+ 58. Kc2 Qe4+ 59. Kb2 Qxh7
60. Qe7+ Ka8 61. Qd8+ Kb7 62. Bf4 1-0

[Event "5.Online WM / A-WM Viertelfinale A"]
[Site "?"]
[Date "2009.02.15"]
[Round "1"]
[White "Genius 68030, Mephisto"]
[Black "Ruffian, Resurrection"]
[Result "1/2-1/2"]
[WhiteElo "2335"]
[BlackElo "2375"]
[PlyCount "93"]
[EventDate "2009.??.??"]

1. d4 Nf6 2. c4 g6 3. Nc3 d5 4. cxd5 Nxd5 5. e4 Nxc3 6. bxc3 Bg7 7. Bc4 O-O 8.
Ne2 c5 9. O-O Nc6 10. Be3 Bg4 11. f3 Na5 12. Bxf7+ Rxf7 13. fxg4 Rxf1+ 14. Kxf1
Qd6 15. Kg1 Qe6 16. Qd3 c4 17. Qc2 Qxg4 18. Rf1 Rf8 19. Rxf8+ Kxf8 20. Ng3 b6
21. e5 Kg8 22. Qe4 Qxe4 23. Nxe4 b5 24. Kf2 h6 25. e6 Kf8 26. d5 a6 27. g4 Nb7
28. h4 h5 29. gxh5 gxh5 30. Bf4 Ke8 31. Ke2 Kd8 32. Kd2 Bh8 33. Kc2 Ke8 34. Ng3
Bf6 35. Bg5 Bxg5 36. hxg5 h4 37. Nf5 h3 38. g6 Kf8 39. g7+ Kg8 40. Nxe7+ Kxg7
41. Nf5+ Kf8 42. d6 Nxd6 43. e7+ Kf7 44. Nxd6+ Kxe7 45. Ne4 h2 46. Nf2 a5 47.
a3 1/2-1/2

[Event "5.Online WM / A-WM Viertelfinale A"]
[Site "?"]
[Date "2009.02.15"]
[Round "2"]
[White "Ruffian, Resurrection"]
[Black "Genius 68030, Mephisto"]
[Result "1/2-1/2"]
[WhiteElo "2375"]
[BlackElo "2335"]
[PlyCount "133"]
[EventDate "2009.??.??"]

1. e4 e5 2. Nf3 Nf6 3. d4 Nxe4 4. Bd3 d5 5. Nxe5 Be7 6. O-O O-O 7. Re1 c5 8.
Bxe4 dxe4 9. Rxe4 Bf6 10. c3 Bf5 11. Re1 cxd4 12. cxd4 Nc6 13. Nxc6 bxc6 14.
Qh5 Bg6 15. Qf3 Qxd4 16. Nc3 Qb6 17. Re2 Rfd8 18. Bf4 Rd3 19. Rae1 Rf8 20. Be3
Qc7 21. Qg3 Qa5 22. Qf4 a6 23. Bd2 Qd8 24. Be3 Bxc3 25. bxc3 Rxc3 26. Qe5 Qd3
27. Qe7 f6 28. Rd2 Qe4 29. Qa7 Qc4 30. Rb2 Rc2 31. Rxc2 Bxc2 32. Bc5 Rd8 33.
Qe7 Qd5 34. Bb6 Rf8 35. Bc5 Rc8 36. Qe6+ Qxe6 37. Rxe6 Bf5 38. Re7 Rb8 39. f3
Rb2 40. a3 Rc2 41. Bd6 Rd2 42. Bb4 Rd7 43. Re1 Bd3 44. Kf2 Kf7 45. h4 Bb5 46.
g4 g5 47. Kg3 Ba4 48. Bc5 gxh4+ 49. Kxh4 Rd5 50. Re7+ Kg6 51. Be3 h5 52. Re4
Bd1 53. Kg3 Rd3 54. gxh5+ Kxh5 55. Kf4 Rxa3 56. Re6 Kg6 57. Rxc6 a5 58. Rd6 Be2
59. Rd2 Ba6 60. Rd5 a4 61. Ra5 Bb7 62. Rb5 Rb3 63. Rxb3 axb3 64. Bd4 Bd5 65.
Bb2 Bc6 66. Ke3 Kf5 67. f4 1/2-1/2

[Event "5.Online WM / A-WM Viertelfinale A"]
[Site "?"]
[Date "2009.02.21"]
[Round "3"]
[White "Genius 68030, Mephisto"]
[Black "Ruffian, Resurrection"]
[Result "0-1"]
[WhiteElo "2335"]
[BlackElo "2375"]
[PlyCount "107"]
[EventDate "2009.??.??"]

1. e4 c5 2. Nf3 d6 3. d4 cxd4 4. Nxd4 Nf6 5. Nc3 a6 6. Be2 e5 7. Nb3 Be7 8. O-O
O-O 9. Be3 Be6 10. Qd2 Nbd7 11. a4 Rc8 12. a5 Qc7 13. Rfd1 Rfe8 14. Qe1 Qc6 15.
f3 d5 16. exd5 Nxd5 17. Nxd5 Bxd5 18. Bd3 Qe6 19. Qe2 Nf6 20. Nd2 e4 21. fxe4
Nxe4 22. c4 Bc6 23. Nxe4 Bxe4 24. Bxe4 Qxe4 25. Qd3 Rxc4 26. b3 Qxd3 27. Rxd3
Re4 28. Bb6 Rc8 29. Rd7 Rc2 30. Rxb7 f5 31. Rf1 Ree2 32. Rxf5 Rxg2+ 33. Kf1 Bf6
34. Bg1 Rgd2 35. Bf2 h6 36. Rf3 Bd4 37. Rbf7 Rb2 38. Rf8+ Kh7 39. Kg2 g5 40. h3
Kg6 41. R8f7 Rxb3 42. Rxb3 Kxf7 43. Rf3+ Ke6 44. Kg3 Bxf2+ 45. Rxf2 Rxf2 46.
Kxf2 h5 47. Ke3 Ke5 48. Kf3 Kd4 49. Kf2 Kc4 50. Kf3 Kb4 51. Ke4 Kxa5 52. Kf5 g4
53. hxg4 hxg4 54. Kxg4 0-1

[Event "5.Online WM / A-WM Viertelfinale A"]
[Site "?"]
[Date "2009.02.21"]
[Round "4"]
[White "Ruffian, Resurrection"]
[Black "Genius 68030, Mephisto"]
[Result "1/2-1/2"]
[WhiteElo "2375"]
[BlackElo "2335"]
[PlyCount "108"]
[EventDate "2009.??.??"]

1. e4 Nf6 2. e5 Nd5 3. d4 d6 4. c4 Nb6 5. exd6 exd6 6. Nc3 Be7 7. Nf3 O-O 8.
Be2 Bg4 9. O-O Nc6 10. Re1 Bf6 11. c5 dxc5 12. dxc5 Bxc3 13. bxc3 Qxd1 14. Bxd1
Nd5 15. h3 Bh5 16. Rb1 b6 17. Bd2 Rad8 18. cxb6 axb6 19. c4 Nf6 20. Bf4 Rfe8
21. Rxe8+ Nxe8 22. Be2 Bg6 23. Rb2 h6 24. Be3 Ra8 25. c5 bxc5 26. Bxc5 Nf6 27.
Kf1 Ne4 28. Bb5 Rb8 29. Ba3 Nd2+ 30. Nxd2 Rxb5 31. Rxb5 Bd3+ 32. Kg1 Bxb5 33.
Bc5 Ne5 34. Ne4 Nd3 35. Be3 f5 36. Nc3 Bc4 37. a4 Kf7 38. f4 c5 39. a5 Ke6 40.
g4 Ba6 41. Kg2 g6 42. Kg3 Kd6 43. h4 h5 44. g5 Kc6 45. Bd2 Nb2 46. Be1 Nc4 47.
Nd1 Nd6 48. Kf3 Nb5 49. Ke3 Nd4 50. Nc3 Nc2+ 51. Kf2 Nxe1 52. Kxe1 c4 53. Kd2
Bb7 54. Na2 Kc5 1/2-1/2

[Event "5.Online WM / A-WM Viertelfinale A"]
[Site "?"]
[Date "2009.02.22"]
[Round "5"]
[White "Genius 68030, Mephisto"]
[Black "Ruffian, Resurrection"]
[Result "1-0"]
[WhiteElo "2335"]
[BlackElo "2375"]
[PlyCount "99"]
[EventDate "2009.??.??"]

1. d4 Nf6 2. c4 g6 3. Nc3 Bg7 4. e4 d6 5. Nf3 O-O 6. Be2 e5 7. O-O Nc6 8. d5
Ne7 9. Nd2 a5 10. b3 Bd7 11. Ba3 Bh6 12. c5 Nc8 13. Nc4 Qe7 14. cxd6 Nxd6 15.
Qd3 Bf4 16. g3 Bh6 17. f4 b5 18. fxe5 bxc4 19. exf6 cxd3 20. fxe7 Rfe8 21. Bxd3
Rxe7 22. Bc1 Bg7 23. Bg5 Bd4+ 24. Kg2 Re5 25. Bd2 f5 26. exf5 Nxf5 27. Rae1
Ne3+ 28. Bxe3 Rxe3 29. Rxe3 Bxe3 30. Bc4 Rc8 31. Rf3 Bb6 32. Ne4 Rd8 33. d6+
Kg7 34. Rf7+ Kh6 35. dxc7 Bxc7 36. Nf6 Bc6+ 37. Kf1 Bb8 38. Be2 Ba8 39. Ng4+
Kh5 40. Rxh7+ Kg5 41. Rf7 Kh5 42. Ne3+ Kh6 43. h4 Rd4 44. Kf2 g5 45. hxg5+ Kxg5
46. Rf8 Rb4 47. Rf5+ Kg6 48. Rxa5 Be4 49. Bh5+ Kg7 50. Bf3 1-0

[Event "5.Online WM / A-WM Viertelfinale A"]
[Site "?"]
[Date "2009.02.23"]
[Round "6"]
[White "Ruffian, Resurrection"]
[Black "Genius 68030, Mephisto"]
[Result "1-0"]
[WhiteElo "2375"]
[BlackElo "2335"]
[PlyCount "133"]
[EventDate "2009.??.??"]

1. d4 Nf6 2. c4 g6 3. Nc3 Bg7 4. e4 d6 5. Be2 O-O 6. Nf3 e5 7. O-O Nc6 8. Be3
Ng4 9. Bg5 f6 10. Bc1 Nh6 11. dxe5 fxe5 12. Bg5 Qe8 13. Nd5 Qd7 14. Qd3 Nf7 15.
Bh4 Nfd8 16. b4 Ne6 17. Rab1 Ned4 18. Nxd4 Nxd4 19. b5 b6 20. Rb2 Bb7 21. Rfb1
a6 22. bxa6 Rxa6 23. Bd1 Raa8 24. h3 Qf7 25. Bg4 h6 26. Qe3 Ra4 27. Rc1 Rfa8
28. Qd2 Kh7 29. Bd1 Ra3 30. Rc3 R3a7 31. Kf1 b5 32. cxb5 Bxd5 33. exd5 e4 34.
Bg4 Nf5 35. Bxf5 Qxf5 36. Rcb3 Bxb2 37. Rxb2 Qh5 38. Bf6 Rxa2 39. Kg1 Ra1+ 40.
Kh2 Qf5 41. Bd4 Qf7 42. Rc2 R1a4 43. b6 cxb6 44. Bxb6 Re8 45. Rc6 Qf6 46. g3
Qf8 47. Bc7 Qf3 48. Rc3 Qf6 49. Bb6 g5 50. Rc7+ Kg8 51. Be3 Rf8 52. Qe2 Raa8
53. Qg4 Qg6 54. Bd4 Rf7 55. Rc6 Re8 56. h4 Rf5 57. h5 Qf7 58. Rxd6 Kh7 59. Rg6
Rxd5 60. Bf6 Qc7 61. Qe2 Rf5 62. Kh3 Rf3 63. Qb5 Qc8+ 64. Kg2 Rg8 65. Qb6 Rxg6
66. Qa7+ Kg8 67. hxg6 1-0

[Event "5.Online WM / A-WM Viertelfinale B"]
[Site "?"]
[Date "2009.02.07"]
[Round "1"]
[White "RISC 2500, Saitek"]
[Black "R30 V2.5, TASC."]
[Result "0-1"]
[WhiteElo "2239"]
[BlackElo "2336"]
[PlyCount "108"]
[EventDate "2009.??.??"]

1. d4 d5 2. c4 dxc4 3. Nf3 Nf6 4. e3 e6 5. Bxc4 c5 6. O-O a6 7. b3 Nc6 8. Bb2
cxd4 9. Nxd4 Bd7 10. Nd2 Nxd4 11. Bxd4 Be7 12. Be2 Bc6 13. Nc4 O-O 14. Rc1 Rc8
15. Nb6 Rb8 16. Qc2 e5 17. Bc5 Be4 18. Bxe7 Qxe7 19. Qc3 Rfd8 20. f3 Bc6 21. e4
Rd4 22. Rfd1 Rbd8 23. Rxd4 exd4 24. Qd2 d3 25. Bxd3 Qd6 26. Nd5 Nxd5 27. exd5
Qxd5 28. Rd1 Qc5+ 29. Kh1 g6 30. Qe2 Rd4 31. Bc4 b5 32. Bd3 Qd6 33. Kg1 b4 34.
Bc2 Bb5 35. Qe1 Rxd1 36. Bxd1 Qd4+ 37. Kh1 Qc3 38. Qf2 Bd3 39. Qe3 Bb1 40. Qe8+
Kg7 41. f4 Bxa2 42. Qe5+ Qxe5 43. fxe5 Kf8 44. Bc2 Ke7 45. Kg1 Ke6 46. Kf2 Kxe5
47. Ke3 a5 48. Kd3 Kd5 49. Bd1 Bb1+ 50. Ke3 Ke5 51. g3 f5 52. h4 Be4 53. Ke2 f4
54. g4 Kd4 0-1

[Event "5.Online WM / A-WM Viertelfinale B"]
[Site "?"]
[Date "2009.02.07"]
[Round "2"]
[White "R30 V2.5, TASC."]
[Black "RISC 2500, Saitek"]
[Result "1-0"]
[WhiteElo "2336"]
[BlackElo "2239"]
[PlyCount "107"]
[EventDate "2009.??.??"]

1. d4 Nf6 2. c4 e6 3. Nf3 b6 4. g3 Bb7 5. Bg2 Be7 6. Nc3 Ne4 7. Bd2 Bf6 8. Qc2
Nxd2 9. Qxd2 O-O 10. e4 d6 11. O-O Nd7 12. Rad1 c5 13. dxc5 Nxc5 14. Nd4 Qe7
15. f4 Rac8 16. Ndb5 Bxc3 17. Nxc3 f5 18. exf5 Bxg2 19. Kxg2 Qb7+ 20. Kg1 exf5
21. Qxd6 Ne4 22. Qe6+ Qf7 23. Qxf7+ Rxf7 24. Nxe4 fxe4 25. Rd4 Re8 26. Kf2 e3+
27. Ke2 Rf6 28. Rf3 Rfe6 29. Rd3 Kf7 30. Rdxe3 Rxe3+ 31. Rxe3 Rc8 32. b3 Kf6
33. a4 h6 34. Rd3 Ke6 35. Rd5 g6 36. h4 Rg8 37. a5 bxa5 38. Rxa5 Rb8 39. Rb5
Rc8 40. h5 Kf6 41. hxg6 Kxg6 42. Rb7 a5 43. Rb6+ Kf7 44. Rb5 Ra8 45. Rb7+ Kf6
46. g4 a4 47. bxa4 Rxa4 48. Rb6+ Kg7 49. Kd3 Ra5 50. Kd4 Ra7 51. c5 Ra4+ 52.
Ke5 Ra5 53. Rb7+ Kf8 54. Kd6 1-0

[Event "5.Online WM / A-WM Viertelfinale B"]
[Site "?"]
[Date "2009.02.11"]
[Round "3"]
[White "RISC 2500, Saitek"]
[Black "R30 V2.5, TASC."]
[Result "1/2-1/2"]
[WhiteElo "2239"]
[BlackElo "2336"]
[PlyCount "186"]
[EventDate "2009.??.??"]

1. d4 Nf6 2. c4 e5 3. dxe5 Ng4 4. Bf4 Nc6 5. Nf3 Bb4+ 6. Nbd2 Qe7 7. e3 Ngxe5
8. Nxe5 Nxe5 9. Be2 O-O 10. O-O Bxd2 11. Qxd2 d6 12. a3 b6 13. b4 Bb7 14. Rfd1
Ng6 15. Bg3 Nh4 16. Bxh4 Qxh4 17. Qd4 Qg5 18. Qg4 Qxg4 19. Bxg4 f5 20. Be2 Rf6
21. c5 Rg6 22. Bc4+ Kh8 23. Bd5 c6 24. Bc4 d5 25. Bd3 Rf6 26. Rac1 b5 27. Re1
a5 28. Red1 axb4 29. axb4 Ra4 30. Rb1 Kg8 31. Bc2 Ra2 32. Bb3 Ra3 33. Rd3 Kh8
34. Rc1 Rf8 35. Bc2 Ra2 36. Bb3 Rb2 37. g3 Ra8 38. Rc2 Rb1+ 39. Kg2 Ra3 40.
Rcc3 Rb2 41. h4 Bc8 42. g4 Be6 43. g5 Bg8 44. Bc2 Raa2 45. Bd1 Rxb4 46. Kg3
Rbb2 47. f3 Rh2 48. Rd4 Rag2+ 49. Kf4 Rxh4+ 50. Kxf5 Rxd4 51. exd4 Rd2 52. Bb3
Rxd4 53. Ke5 Rb4 54. Rd3 Bf7 55. Bd1 Bg6 56. Rd2 Kg8 57. Kd6 Be8 58. Ke7 Bf7
59. Kd6 Kf8 60. Kxc6 Ke7 61. Kb6 Be6 62. c6 Kd6 63. Be2 Rb3 64. Bxb5 Rxf3 65.
Rc2 Rb3 66. c7 Bc8 67. Rc6+ Ke5 68. Rc5 Ke6 69. Rc6+ Kf5 70. Rd6 Kxg5 71. Rxd5+
Kh4 72. Rd4+ Kh5 73. Rd8 Bg4 74. c8=Q Bxc8 75. Rxc8 g5 76. Rc1 g4 77. Kc5 Kg5
78. Bc4 Ra3 79. Kd4 h5 80. Be6 Ra6 81. Bc8 Ra8 82. Bb7 Ra4+ 83. Ke3 Ra5 84. Rg1
Ra7 85. Bd5 Ra3+ 86. Ke2 Ra6 87. Bb7 Rb6 88. Bc8 Rb8 89. Bd7 Rb7 90. Bc6 Rb2+
91. Ke3 h4 92. Bd7 g3 93. Bh3 Rh2 1/2-1/2

[Event "5.Online WM / A-WM Viertelfinale B"]
[Site "?"]
[Date "2009.02.12"]
[Round "4"]
[White "R30 V2.5, TASC."]
[Black "RISC 2500, Saitek"]
[Result "1/2-1/2"]
[WhiteElo "2336"]
[BlackElo "2239"]
[PlyCount "109"]
[EventDate "2009.??.??"]

1. d4 d5 2. c4 dxc4 3. e4 e5 4. Nf3 Bb4+ 5. Nc3 exd4 6. Qxd4 Qxd4 7. Nxd4 Nf6
8. f3 Bc5 9. Be3 Nc6 10. Nc2 Bxe3 11. Nxe3 Be6 12. Ncd5 Bxd5 13. exd5 Ne5 14.
Nxc4 Ng6 15. O-O-O O-O-O 16. d6 Ne8 17. dxc7 Rxd1+ 18. Kxd1 Kxc7 19. Kc2 Nf6
20. Bd3 Nf4 21. Rd1 Re8 22. g3 Nxd3 23. Rxd3 Re2+ 24. Rd2 Rxd2+ 25. Kxd2 Nd5
26. a4 g5 27. Kd3 Kd7 28. Kd4 Nb4 29. Ke5 Ke7 30. Kf5 h6 31. a5 Nc6 32. f4 gxf4
33. Kxf4 Ke6 34. g4 Kd5 35. Ne3+ Ke6 36. a6 bxa6 37. Nf5 Ne5 38. Nxh6 Nd3+ 39.
Ke4 Nxb2 40. Nf5 a5 41. g5 a4 42. Nd4+ Kd7 43. Nc2 Ke6 44. h4 Nd1 45. Nd4+ Ke7
46. Nb5 a6 47. Na3 Nc3+ 48. Kd3 Nb5 49. Nc2 a3 50. h5 a2 51. Na1 Nc7 52. Kc3
Ne6 53. g6 fxg6 54. hxg6 Kf6 55. Kb2 1/2-1/2

[Event "5.Online WM / A-WM Viertelfinale B"]
[Site "?"]
[Date "2009.02.12"]
[Round "5"]
[White "RISC 2500, Saitek"]
[Black "R30 V2.5, TASC."]
[Result "0-1"]
[WhiteElo "2239"]
[BlackElo "2336"]
[PlyCount "114"]
[EventDate "2009.??.??"]

1. d4 d5 2. c4 dxc4 3. Nf3 Nf6 4. e3 e6 5. Bxc4 c5 6. O-O a6 7. dxc5 Qc7 8. Qe2
Bxc5 9. e4 Nc6 10. Nc3 Ng4 11. g3 Bd6 12. Bb3 O-O 13. Bd2 b5 14. Rac1 Bb7 15.
Ng5 Nf6 16. Bxe6 Nd4 17. Qd3 Nxe6 18. Nxb5 axb5 19. Rxc7 Bxc7 20. Nxe6 fxe6 21.
Qxb5 Bxe4 22. Bc3 Bd5 23. Bxf6 gxf6 24. a4 Be5 25. Rc1 Rfb8 26. Qd7 Rxb2 27.
Kf1 Rf8 28. Rc8 Rxc8 29. Qxc8+ Kg7 30. Qd7+ Kh6 31. Qc8 Rb7 32. Qc5 Kg7 33. f4
Rc7 34. Qb6 Rc1+ 35. Ke2 Bc7 36. Qa7 Kf7 37. Kd2 Rc4 38. a5 Ke7 39. a6 Kd7 40.
Qe3 Ra4 41. Qd3 Ra2+ 42. Kc1 Rxh2 43. a7 Ra2 44. Qxh7+ Kc6 45. Qh8 Ra1+ 46. Kd2
Rxa7 47. Qxf6 Ra2+ 48. Kc1 Ba5 49. Qd4 Rg2 50. Qa4+ Kb6 51. Qd4+ Kb5 52. Qd3+
Kc5 53. Qa3+ Bb4 54. Qd3 Ra2 55. Kb1 Ra3 56. Qg6 Kd4 57. Qg4 Bc3 0-1